Name All The FNAF Balloon Boy Characters - Statistics

General Stats
  • This quiz has been taken 14 times
    10 since last reset
  • The average score is 11 of 15
Answer Stats
Hint Answer % Correct
Toy Balloon Boy
100%
Toy JJ
100%
Nightmare Nightmare Balloon Boy
100%
Phantom Phantom Balloon Boy
100%
Blacklight Blacklight Balloon Boy
80%
Shadow Shadow Balloon Boy
80%
Enemy Ball Boy
60%
Lucky Boy Brow Boy
60%
Enemy Brow Boy
60%
Toy Dee Dee
60%
Winter Frostbite Balloon Boy
60%
Screampunk Jetpack Balloon Boy
60%
Forest Skins Swamp Balloon Boy
60%
Toy XOR
60%
Enemy Mega Brow
40%
No matching quizzes found
Score Distribution
Percent of People with Each Score
Percentile by Number Answered
Your Score History
You have not taken this quiz since the last reset